000 00488nam a2200181Ia 4500
003 GCL
008 140319s9999 xx 000 0 eng d
040 _aGCL /
_cGCL
082 0 4 _a646.4
_bM C
100 1 _aMAURIN, JACQUELINE
245 1 0 _aLA COUTURE: EAIRE SON PATRON, COUPER, REALISER /
_cMAURIN, JACQUELINE
260 _a[S.N] :
_bLAROUSSE ،
_c1989
300 _a287 P
650 0 4 _aHOME ECONOMICS
650 0 4 _aHOME SEWING
650 0 4 _aCLOTHING CONSTRUCTION
942 _2ddc
_cBK
999 _c22126
_d22126